[Event "ITA-ch U18"]
[Site "Tarvisio"]
[Date "2023.07.05"]
[Round "4"]
[White "Bera, Pietro"]
[Black "Sangiovanni, Davide"]
[Result "1/2-1/2"]
[WhiteElo "1540"]
[BlackElo "1828"]
[PlyCount "108"]
[EventDate "2023.07.02"]
[EventType "swiss"]
[EventRounds "9"]
[EventCountry "ITA"]
[SourceTitle "EXT 2024"]
[Source "ChessBase"]
[SourceDate "2023.10.10"]
[SourceVersion "1"]
[SourceVersionDate "2023.10.10"]
[SourceQuality "1"]

1. Nf3 Nf6 2. d4 c5 3. c4 cxd4 4. Nxd4 e5 5. Nb5 d5 6. cxd5 Bc5 7. N5c3 0-0 8. e3 e4 9. Be2 Qe7 10. 0-0 Rd8 11. Qb3 Nbd7 12. Nd2 Nb6 13. Rd1 Bf5 14. Nf1 Qe5 15. Ng3 Bg6 16. Bd2 Nfxd5 17. Rac1 Nf6 18. Nb5 Qe7 19. Bc3 Nbd5 20. Bd4 Bxd4 21. Rxd4 a6 22. Nc3 Nxc3 23. Qxc3 Rxd4 24. Qxd4 Rd8 25. Qc3 h5 26. Bf1 Qd6 27. Ne2 Bf5 28. Nd4 Be6 29. Qc7 Bd5 30. a3 g6 31. Qxd6 Rxd6 32. Rc8+ Kg7 33. Rc7 Ng4 34. Be2 Nf6 35. b4 Ne8 36. Rc8 Nf6 37. h3 Kh7 38. Rc7 Kg7 39. g4 hxg4 40. hxg4 Ne8 41. Rc8 Nf6 42. g5 Nh7 43. Kg2 Nxg5 44. Rc7 Kf6 45. Bg4 Rb6 46. Bc8 Nf3 47. Nxf3 exf3+ 48. Kg3 Rb5 49. Bg4 Bc6 50. Bxf3 Rg5+ 51. Bg4 a5 52. f4 Rb5 53. Be2 Rd5 54. Bf3 Rd6 1/2-1/2